Code de commerce
Enregistré dans:
| Collectivité auteur: | |
|---|---|
| Format: | Livre |
| Langue: | français |
| Publié: |
París
Librairie Dalloz
1927
|
| Édition: | 24a. ed |
| Collection: | Petit Collection Dalloz
|
| Sujets: | |
| Tags: |
Ajouter un tag
Pas de tags, Soyez le premier à ajouter un tag!
|
MARC
| LEADER | 00000nam a2200000 a 4500 | ||
|---|---|---|---|
| 001 | UCR4241 | ||
| 003 | CL-VaPUC | ||
| 008 | 980307e19270000FR |||||||||||||||||fre|d | ||
| 082 | 0 | 4 | |a 346.4407 |b DAL |2 21 |
| 110 | 2 | |a Dalloz |e author |9 404021 | |
| 245 | 1 | 0 | |a Code de commerce |
| 250 | |a 24a. ed | ||
| 300 | |a 577 p | ||
| 942 | |c BK | ||
| 945 | |d 19980307 00:00:00 |a crobeson | ||
| 260 | |a París |b Librairie Dalloz |c 1927 | ||
| 650 | 0 | |a Derecho comercial |9 256340 | |
| 650 | 7 | |a CODIGO DE COMERCIO FRANCES |2 CL-VaPUC |9 404022 | |
| 650 | 0 | |a Derecho civil |9 255013 | |
| 650 | 0 | |a Derecho privado |9 258243 | |
| 650 | 0 | |a Comercio |9 255341 | |
| 650 | 0 | |a Comerciantes |9 267878 | |
| 651 | 0 | |a Francia |9 255157 | |
| 583 | |a last modification |c 19980307 00:00:00 |k Rodrigo Vera | ||
| 490 | 0 | |a Petit Collection Dalloz | |
| 999 | |c 267189 |d 267187 | ||
| 952 | |0 0 |1 0 |4 0 |6 346_440700000000000_DAL_1927 |7 0 |8 P |9 299412 |a BIBDER |b BIBDER |d 2019-11-20 |i 1948431 |o 346.4407 DAL 1927 |p 1948431 |r 2023-01-25 |w 2019-11-20 |y BK |k DER | ||